000 01258nam a2200349Ia 4500
001 ebr10567111
003 CaPaEBR
006 m u
007 cr cn|||||||||
008 980430s1998 enka sb 001 0 eng d
010 _z 98145596
020 _z9780761956549
020 _z0761956549
020 _z9780761956556
020 _z0761956557
020 _z9781446265093
040 _aCaPaEBR
_cCaPaEBR
035 _a(OCoLC)797836027
050 1 4 _aB823.3
_b.D55 1998eb
082 0 4 _a140
_221
100 1 _aDijk, Teun Adrianus van,
_d1943-
245 1 0 _aIdeology
_h[electronic resource] :
_ba multidisciplinary approach /
_cTeun A. van Dijk.
260 _aLondon ;
_aThousand Oaks, Calif. :
_bSage Publications,
_c1998.
300 _ax, 374 p. :
_bill.
504 _aIncludes bibliographical references and index.
533 _aElectronic reproduction.
_bPalo Alto, Calif. :
_cebrary,
_d2011.
_nAvailable via World Wide Web.
_nAccess may be limited to ebrary affiliated libraries.
650 0 _aIdeology.
650 0 _aPhilosophy.
655 7 _aElectronic books.
_2local
710 2 _aebrary, Inc.
856 4 0 _uhttp://site.ebrary.com/lib/rucke/Doc?id=10567111
_zAn electronic book accessible through the World Wide Web; click to view
999 _c93215
_d93215